A textbook of material science and engineering S.I.units
Guardat en:
| Autor principal: | |
|---|---|
| Format: | Llibre |
| Idioma: | anglès |
| Publicat: |
S.K. Kataria
2013
|
| Etiquetes: |
Afegir etiqueta
Sense etiquetes, Sigues el primer a etiquetar aquest registre!
|
MARC
| LEADER | 00000nam a22000007a 4500 | ||
|---|---|---|---|
| 008 | 210419b ||||| |||| 00| 0 eng d | ||
| 020 | |a 81-85749-92-2 | ||
| 100 | |a RAJPUT, R.K. | ||
| 245 | |a A textbook of material science and engineering |b S.I.units |c R.K. Rajput |g 1002p.; ill. | ||
| 250 | |b 3rd ed | ||
| 260 | |b S.K. Kataria |c 2013 |h New Delhi |i 691481 |i 691482 |l TA401.3 .R13 |m Materials. |m Material science |m Manufacturing processes | ||
| 500 | |a “It includes index”. | ||
| 942 | |a lcc |c BK |e Ogunmilade F.T. |f 19/04/2021 | ||
| 952 | |0 0 |1 0 |2 lcc |4 0 |6 TA04013 R13 |7 0 |9 2209 |a HOL |b HOL |c QZ |d 2021-04-19 |l 0 |o TA401.3 .R13 |p 2021-6063 |r 2021-04-19 00:00:00 |w 2021-04-19 |y BK | ||
| 952 | |0 0 |1 0 |2 lcc |4 0 |6 TA04013 R13 |7 0 |9 2210 |a HOL |b TL |c QZ |d 2021-04-19 |l 0 |o TA401.3 .R13 |p 2021-6064 |r 2021-04-19 00:00:00 |w 2021-04-19 |y BK | ||
| 999 | |c 1152 |d 1152 | ||